LEADER 05326oam 2200493I 450 001 9910959707603321 005 20251117111757.0 010 $a1-317-49570-5 010 $a1-315-71269-5 010 $a1-317-49571-3 024 7 $a10.4324/9781315712697 035 $a(CKB)4100000004819901 035 $a(MiAaPQ)EBC5391362 035 $a(OCoLC)1029248066 035 $a(EXLCZ)994100000004819901 100 $a20180706d2018 uy 0 101 0 $aeng 135 $aurcnu|||||||| 181 $ctxt$2rdacontent 182 $cc$2rdamedia 183 $acr$2rdacarrier 200 04$aThe Routledge companion to architecture and social engagement /$fedited by Farhan Karim 205 $a1st ed. 210 1$aNew York :$cRoutledge,$d2018. 215 $a1 online resource (xliv, 461 pages) 311 08$a1-138-88969-5 320 $aIncludes bibliographical references and index. 327 $aCover -- Title -- Copyright -- Contents -- List of Figures -- List of Contributors -- Notes on Contributors -- Foreword -- Acknowledgements -- Preface: Monumentality and Insurgency -- Introduction: Architecture and Social Engagement -- Postscript: How and When Was Architecture Socially Engaged? -- Part I Engagement as Discourse -- 1 What If . . . or Toward a Progressive Understanding of Socially Engaged Architecture -- 2 Understanding Social Engagement in Architecture: Toward Situated-Embodied and Critical Accounts -- 3 Toward an Architecture of the Public Good -- 4 Radical Democracy and Spatial Practices -- Part II Targets of Engagement -- 5 Retracing the Emergence of a Human Settlements Approach: Designing in, From and With Contexts of Development -- 6 The United Nations and Self-Help Housing in the Tropics -- 7 Tracing the History of Socially Engaged Architecture: School Building as Development Aid in Postcolonial Sub-Saharan Africa -- 8 The Opera Village Africa: Christoph Schlingensief and His Social Sculpture -- 9 Seeking Appropriate Methods: The Role of Public-Interest Design Advocacy in the High Himalaya -- Part III Structures of Engagement -- 10 Reconceiving Professionalism in the Twenty-First Century -- 11 The Aga Khan Award for Architecture and Social Engagement via the Built Environment -- 12 Sale Ends Soon: Epistemological Alternatives to Flying Architects -- 13 Creating the Environment for Social Engagement: The Experience of Venezuela -- Part IV Subjects of Engagement -- 14 Housing for Spatial Justice: Building Alliances Between Women Architects and Users -- 15 Children's Engagement in Design: Reflections From Research and Practice -- 16 The Garden of Liberation: Emptiness and Engagement at Suan Mokkh, Chaiya -- 17 The Darker Side of Social Engagement -- Part V Tectonics of Engagement. 327 $a18 A Comparative History of Live Projects Within the United States and the UK: Key Characteristics and Contemporary Implications -- 19 The Do-It-Your(Self ): The Construction of Social Identity Through DIY Architecture and Urbanism -- 20 Building the Unseen: A Shift to a Socially Engaged Architecture Education -- Part VI Environmental Engagement -- 21 Umdenken Umschwenken: Environmental Engagement and Swiss Architecture -- 22 Material Participation and the Architecture of Domestic Autonomy -- 23 Salvage Salvation: Counterculture Trash as a Cultural Resource -- Part VII Mapping Engagement -- 24 Marginality, Urban Conflict and the Pursuit of Social Engagement in Latin American Cities -- 25 Understanding Public Interest Design: A Conceptual Taxonomy -- 26 Architecture Before 3.11: Unspoken Social Architecture During the Blank 25 Years of Japan -- 27 The Reciprocity Between Architects and Social Change: Taiwan Experience After the 1990s -- 28 Transforming the Spatial Legacies of Colonialism and Apartheid: Participatory Practice and Design Agency in Southern Africa -- Part VIII Engagement in Emergency -- 29 What We Can Learn From Refugees -- 30 Displacement, Labor and Incarceration: A Mid-Twentieth-Century Genealogy of Camps -- 31 Are Architects the Last People Needed in Disaster Reconstruction? -- 32 Architecture Without Borders? The Globalization of Humanitarian Architecture Culture -- Index. 330 $aThe Routledge Handbook of Architecture and Social Enagagement examines architecture as it changes from being a market-driven profession by looking at socio-political, professional, and philosophical aspects of the field through theory and case studies. Topics in the 35 new essays by global contributors include public interest design, scarcity and poverty, participatory design, empowerment, service learning, professionalism, commodification, trauma, and humanitarianism, among others. Case studies in the United States, South America, the United Kingdom, Africa, Australia, China, and South and Southeast Asia, illustrated with 175 black and white images demonstrate ideas discussed. 606 $aArchitecture and society 606 $aArchitects and community 615 0$aArchitecture and society. 615 0$aArchitects and community. 676 $a720.103 676 $a720.103 702 $aKarim$b Farhan 801 0$bMiAaPQ 801 1$bMiAaPQ 801 2$bMiAaPQ 906 $aBOOK 912 $a9910959707603321 996 $aThe Routledge companion to architecture and social engagement$94494297 997 $aUNINA